005560000a2200133000450024501460000065000240014665000240017065000190019465000260021365100410023904100140028011000650029477300630035910aConsolidación y fortalecimiento de los programas ambientales en la cuenca media del río Chicamocha (): primer Informe14aGestión ambiental14aDesarrollo regional14aUso sostenible14aEducación ambiental 4lRío ChicamochadBoyacápColombia0 aEspañol1 aInstituto de Estudios Ambientales para el DesarrollosIDEADE1 tSerie Conservación y Producción31228h235q1-30d1998